Mixed Word: Common Bond LXXXVI Quiz Stats

 Plays Quiz Updated Mar 30, 2018

Score 0/22 Timer 03:00
0 Plays Today
Mixed Word Answer % Correct
WBOBow
99.9%
OGDGod
99.5%
LAFLFall
99.4%
FORGFrog
93.7%
TCIYCity
92.8%
ACTOCoat
90.1%
DOCLUCloud
88.4%
RETWAWater
87.8%
KTEJACJacket
85%
ORSMTStorm
82%
CDIAAcid
76.9%
Mixed Word Answer % Correct
HERSOWShower
74.6%
SKITCStick
73.4%
ANEDCDance
72.9%
PPLUREPurple
70.7%
TTRGUEGutter
64.9%
NEZIGFREFreezing
62.3%
Common Bond?Rain
57.9%
SSONEASeason
52.4%
BRELRABarrel
47.3%
OLCHACTEOChocolate
44.9%
OFETSRForest
42.5%

You're not logged in!

Compare scores with friends on all Sporcle quizzes.
OR
Log In

Sporcle TV

Today on Sporcle TV


Watch our educational content, quiz creation guides, and fun videos on Sporcle TV.

Show Comments

Extras

Top Quizzes Today


Score Distribution

Your Account Isn't Verified!

In order to create a playlist on Sporcle, you need to verify the email address you used during registration. Go to your Sporcle Settings to finish the process.

Report this User

Report this user for behavior that violates our Community Guidelines.

Details: